000 00511nam a2200169 i 4500
001 89350
003 ES-MaACL
005 20240424063047.0
007 t|
008 050110s1967 sp ||||1| spa d
100 0 _aLapesa, Rafael,
_d1908-2001
_970146
245 1 0 _aDe la Edad Media a nuestros días
_b: estudios de historia literaria /
_cRafael Lapesa.
260 _aMadrid :
_bGredos,
_c[1967]
300 _a310 p. ;
_c20 cm.
852 _aES-MaACL
_jC-34001
_bR.64707
999 _c89350
_d89350